000 00296nam a22001337a 4500
008 181009b xxu||||| |||| 00| 0 eng d
020 _a9780495996156
041 _aeng
080 _214th
_a610
100 _a4
101 _aMAT
245 _aAn Invitation to Health
_cHales,D
942 _2udc
_cBK
999 _c49199
_d49199